000 01492nam a2200325 c 4500
003 BLK
005 20250501004115.0
008 180408b bul|||||r ||||||| ||bul||
010 _aKNG00056371000
040 _aBLK
041 _aBUL
_cBUL
080 _aРуска литература
_b821.161.1
_x-31
_z821.161.1-31
100 1 _aАлексеев, Михаил Николаевич
_eпърви автор
_9284473
139 _aАлексеев, Михаил Николаевич
_bА 51
245 1 0 _aВърбица неплачуща
_bРоман : Кн. 1 -
_cМихаил Николаевич Алексеев; прев. от рус. Сидер Петров Флорин.
_nКн. 1
257 _aSUN
260 София
_bПартиздат
_c1976
300 _c21 см
380 _aX
490 1 _aСъвременна съветска проза
500 _aОриг. загл. Ивушка неплакучая / Михаил Алексеев.
700 1 _aФлорин, Сидер Петров
_d1912-1999
_gПреводач от руски и английски език
_eпрев. от рус.
_9134445
760 1 _aАлексеев, Михаил Николаевич
_d1976
_h248 с.
_tКн. 1
852 _aЦб 80927
856 4 _qpdf
_u
856 4 _qpdf
_u
942 _cKNG
_n0
944 _aCR
_c18.06.2011
_lCRON CRON
_k
944 _aED
_c18.06.2011
_l18.06.2011 - от С1,Р / 18.06.2011
_k
999 _c52447
_d52447